States, Citizens and the Privatization of Security / (Record no. 14332)
[ view plain ]
| 000 -LEADER | |
|---|---|
| fixed length control field | 02427cam a2200469 a 4500 |
| 001 - CONTROL NUMBER | |
| control field | 15938515 |
| 005 - DATE AND TIME OF LATEST TRANSACTION | |
| control field | 20100615125127.0 |
| 008 - FIXED-LENGTH DATA ELEMENTS--GENERAL INFORMATION | |
| fixed length control field | 091009s2010 enka | b 001 0 eng d |
| 010 ## - LIBRARY OF CONGRESS CONTROL NUMBER | |
| LC control number | 2009042810 |
| 015 ## - NATIONAL BIBLIOGRAPHY NUMBER | |
| National bibliography number | GBA9A8575 |
| Source | bnb |
| 016 7# - NATIONAL BIBLIOGRAPHIC AGENCY CONTROL NUMBER | |
| Record control number | 015414993 |
| Source | Uk |
| 020 ## - INTERNATIONAL STANDARD BOOK NUMBER | |
| International Standard Book Number | 9780521110198 (hbk.) |
| 020 ## - INTERNATIONAL STANDARD BOOK NUMBER | |
| International Standard Book Number | 052111019X (hbk.) |
| 020 ## - INTERNATIONAL STANDARD BOOK NUMBER | |
| International Standard Book Number | 9780521125192 (pbk.) |
| 020 ## - INTERNATIONAL STANDARD BOOK NUMBER | |
| International Standard Book Number | 0521125197 (pbk.) |
| 035 ## - SYSTEM CONTROL NUMBER | |
| System control number | (OCoLC)ocn449825490 |
| 040 ## - CATALOGING SOURCE | |
| Original cataloging agency | DLC |
| Transcribing agency | DLC |
| Modifying agency | BTCTA |
| -- | UKM |
| -- | BWKUK |
| -- | BWK |
| -- | YDXCP |
| -- | CDX |
| -- | BWX |
| -- | VVC |
| -- | DLC |
| 043 ## - GEOGRAPHIC AREA CODE | |
| Geographic area code | e-uk--- |
| -- | n-us--- |
| -- | e-gx--- |
| 050 00 - LIBRARY OF CONGRESS CALL NUMBER | |
| Classification number | UA10.5 |
| Item number | .K73 2010 |
| 082 00 - DEWEY DECIMAL CLASSIFICATION NUMBER | |
| Classification number | 355.354 |
| Edition number | 22 |
| Item number | KRA |
| 100 1# - MAIN ENTRY--PERSONAL NAME | |
| Personal name | Krahmann, Elke. |
| 9 (RLIN) | 15675 |
| 245 10 - TITLE STATEMENT | |
| Title | States, Citizens and the Privatization of Security / |
| Statement of responsibility, etc | Elke Krahmann. |
| 246 3# - VARYING FORM OF TITLE | |
| Title proper/short title | States, citizens, and the privatization of security |
| 260 ## - PUBLICATION, DISTRIBUTION, ETC. (IMPRINT) | |
| Place of publication, distribution, etc | Cambridge, UK : |
| Name of publisher, distributor, etc | Cambridge University Press, |
| Date of publication, distribution, etc | 2010. |
| 300 ## - PHYSICAL DESCRIPTION | |
| Extent | xi, 305 p. : |
| Other physical details | ill. ; |
| Dimensions | 24 cm. |
| 504 ## - BIBLIOGRAPHY, ETC. NOTE | |
| Bibliography, etc | Includes bibliographical references (p. 286-301) and index. |
| 505 0# - FORMATTED CONTENTS NOTE | |
| Formatted contents note | State monopoly on violence and the democratic control over military force -- The transformation of the state and the soldier -- United Kingdom: private financing and the management of security -- United States: shrinking the state, outsourcing the soldier -- Germany: between public-private partnerships and conscription -- Iraq and beyond: contractors in deployed operations -- The future of democratic security: contractorization or cosmopolitanism? |
| 541 ## - IMMEDIATE SOURCE OF ACQUISITION NOTE | |
| Source of acquisition | Bacca ; |
| 650 #0 - SUBJECT ADDED ENTRY--TOPICAL TERM | |
| Topical term or geographic name as entry element | National security |
| Form subdivision | Case studies. |
| 9 (RLIN) | 15676 |
| 650 #0 - SUBJECT ADDED ENTRY--TOPICAL TERM | |
| Topical term or geographic name as entry element | Security, International |
| Form subdivision | Case studies. |
| 9 (RLIN) | 15677 |
| 650 #0 - SUBJECT ADDED ENTRY--TOPICAL TERM | |
| Topical term or geographic name as entry element | Contracting out |
| Form subdivision | Case studies. |
| 9 (RLIN) | 15678 |
| 650 #0 - SUBJECT ADDED ENTRY--TOPICAL TERM | |
| Topical term or geographic name as entry element | Private military companies |
| Form subdivision | Case studies. |
| 9 (RLIN) | 15679 |
| 650 #0 - SUBJECT ADDED ENTRY--TOPICAL TERM | |
| Topical term or geographic name as entry element | State, The |
| Form subdivision | Case studies. |
| 9 (RLIN) | 15680 |
| 650 #0 - SUBJECT ADDED ENTRY--TOPICAL TERM | |
| Topical term or geographic name as entry element | Civil-military relations |
| Form subdivision | Case studies. |
| 9 (RLIN) | 15681 |
| 650 #0 - SUBJECT ADDED ENTRY--TOPICAL TERM | |
| Topical term or geographic name as entry element | Democracy |
| Form subdivision | Case studies. |
| 9 (RLIN) | 15682 |
| 651 #0 - SUBJECT ADDED ENTRY--GEOGRAPHIC NAME | |
| Geographic name | Great Britain |
| General subdivision | Military policy. |
| 9 (RLIN) | 15683 |
| 651 #0 - SUBJECT ADDED ENTRY--GEOGRAPHIC NAME | |
| Geographic name | United States |
| General subdivision | Military policy. |
| 9 (RLIN) | 15684 |
| 651 #0 - SUBJECT ADDED ENTRY--GEOGRAPHIC NAME | |
| Geographic name | Germany |
| General subdivision | Military policy. |
| 9 (RLIN) | 15685 |
| 942 ## - ADDED ENTRY ELEMENTS (KOHA) | |
| Source of classification or shelving scheme | Dewey Decimal Classification |
| Item type | Book - Borrowing |
| Withdrawn status | Item status | Source of classification or shelving scheme | Damaged status | Not for loan | Vendor | Home library | Current library | Shelving location | Date acquired | Source of acquisition | Cost, normal purchase price | Serial Enumeration / chronology | Total Checkouts | Total Renewals | Full call number | Barcode | Date last seen | Date last borrowed | Koha item type |
|---|---|---|---|---|---|---|---|---|---|---|---|---|---|---|---|---|---|---|---|
| Dewey Decimal Classification | Baccah | Central Library | Central Library | First floor | 01/07/2010 | 156.00 | 10485 | 7 | 12 | 355.354 KRA | 000021399 | 15/07/2025 | 19/10/2019 | Book - Borrowing |